| 000 | 00357nam a2200145 a 4500 | ||
|---|---|---|---|
| 005 | 20141022142001.0 | ||
| 008 | 100915s19uu xx 00 eng d | ||
| 050 |
_aDVD _bY3 1999 |
||
| 100 | _aYesil, Magdelena | ||
| 245 | _aThe Entreprenurial Process. | ||
| 260 |
_bSatndford University, _c1999. |
||
| 650 | _aDVD | ||
| 650 | _aManagement | ||
| 942 | _cAVM | ||
| 999 |
_c276248 _d276248 |
||